| 000 | 00592nam a2200205Ia 4500 | ||
|---|---|---|---|
| 008 | 191130s2003##################000#0#eng## | ||
| 020 | _a9780521573177 | ||
| 040 |
_aACL _cACL |
||
| 082 | _a427.02 MIN | ||
| 100 | _aMinkova, Donka | ||
| 245 |
_aAlliteration and sound change in early English _cDonka Minkova, S. R. Anderson, J. Bresnan |
||
| 250 | _a1st ed | ||
| 260 |
_aCambridge _bCambridge Univeristy Press _c2003 |
||
| 300 | _a400 p | ||
| 500 | _aInclude Index | ||
| 650 | _aEnglish language | ||
| 990 | _a5a02f6f3ac10000c1e8bc62352c8ee78 | ||
| 991 | _a410685 | ||
| 999 |
_c244163 _d244163 |
||